000 00654nam a22001817a 4500
999 _c56898
_d56898
005 20201224124245.0
008 190611b2019 ru ||||| |||| 00| 0 ruc d
020 _q15612457
050 _aruc
245 _aПсихология Обучения :
_b2019 /
_cГл. ред: В. И. Слободчиков.
260 _aМосква :
_bСГУ,
_c2019.
300 _a110 стр.
_b22 см.
653 _aპერიოდიკა
653 _aსწავლის ფსიქოლოგია
653 _aПсихология Обучения
700 _aСлободчиков, В. И.
_9921
_eრედაქტორი
942 _2udc
_cCR